| 000 | 00679nam a2200229 u 4500 | ||
|---|---|---|---|
| 005 | 20240803063816.0 | ||
| 008 | 160210s1993 es r 000 0 spa d | ||
| 020 | _a8421618555 | ||
| 035 | _aUPN01000208119 | ||
| 049 | _aCG | ||
| 050 | 4 |
_aPQ6603 A7 _bC5.8 |
|
| 100 | 1 |
_aBaroja, Pío, _d1872-1956 _932242 |
|
| 245 | 1 | 3 |
_aLa ciudad de la niebla / _cPío Baroja ; ed. Milagros Rodríguez Cáceres. |
| 260 |
_aMadrid : _bBruño, _c1993. |
||
| 300 |
_a352 p. : _bil. |
||
| 440 | 0 |
_aAnaquel ; _v30 |
|
| 650 | 4 |
_aNovela española _910814 |
|
| 650 | 0 |
_aRelaciones de pareja _vNovela _922462 |
|
| 700 | 1 |
_aRodríguez Cáceres, Milagros, _eed. |
|
| 905 | _aLibro | ||
| 999 |
_c180220 _d180220 |
||